[Event "GER MS-280 email"]
[Site "GER email"]
[Date "2018.05.24"]
[Round "?"]
[White "Janssen, Johann"]
[Black "Schulz, Rene"]
[Result "1/2-1/2"]
[WhiteElo "1984"]
[BlackElo "2049"]
[PlyCount "102"]
[EventDate "2018.06.05"]
[EventType "tourn (corr)"]
[EventRounds "6"]
[EventCountry "GER"]
[SourceTitle "Corr 2020"]
[Source "ChessBase"]
[SourceDate "2019.09.30"]
[SourceVersion "1"]
[SourceVersionDate "2019.09.30"]
[SourceQuality "1"]

1. d4 Nf6 2. c4 e6 3. Nf3 d5 4. Nc3 Be7 5. Bf4 0-0 6. e3 Nbd7 7. c5 Nh5 8. Bd3 Nxf4 9. exf4 b6 10. b4 a5 11. a3 c6 12. 0-0 Qc7 13. g3 Ba6 14. Bxa6 Rxa6 15. Qe2 Rfa8 16. b5 cxb5 17. Nxd5 exd5 18. Qxe7 Rc8 19. Rab1 bxc5 20. Rxb5 Re6 21. Qg5 Rb6 22. Rfb1 Rxb5 23. Rxb5 Qc6 24. a4 Qe6 25. f5 Qe4 26. Qe3 h6 27. Rxa5 Qxf5 28. dxc5 Qe4 29. Kg2 Qxe3 30. fxe3 Nxc5 31. Nd4 h5 32. Kf3 g6 33. Ra7 Kg7 34. a5 Kf6 35. h4 Ne6 36. Ra6 Rc4 37. Rc6 Ra4 38. a6 Ke5 39. Nb5 g5 40. Nd6 g4+ 41. Ke2 Ra2+ 42. Kd1 Nd8 43. Rb6 d4 44. Nb5 Ne6 45. a7 Ra1+ 46. Kd2 Ke4 47. exd4 Nxd4 48. Rb8 Nxb5 49. a8Q+ Rxa8 50. Rxa8 Kf3 51. Ra5 Nd4 1/2-1/2

[Event "GER-ch 2012-G-F serv"]
[Site "GER email"]
[Date "2014.07.08"]
[Round "?"]
[White "Janssen, Johann"]
[Black "Grube, Andreas"]
[Result "0-1"]
[WhiteElo "2046"]
[BlackElo "2111"]
[PlyCount "56"]
[EventDate "2014.07.10"]
[EventType "tourn (corr)"]
[EventRounds "10"]
[EventCountry "GER"]
[SourceTitle "Corr 2020"]
[Source "ChessBase"]
[SourceDate "2019.09.30"]
[SourceVersion "1"]
[SourceVersionDate "2019.09.30"]
[SourceQuality "1"]

1. d4 Nf6 2. c4 e6 3. Nf3 d5 4. Nc3 c6 5. e3 Nbd7 6. Bd3 dxc4 7. Bxc4 b5 8. Bd3 a6 9. e4 c5 10. d5 Qc7 11. 0-0 c4 12. Bc2 Bb7 13. dxe6 fxe6 14. Qe2 Bd6 15. Nd4 Bxh2+ 16. Kh1 Nc5 17. f4 e5 18. Ndxb5 axb5 19. Kxh2 0-0 20. Nxb5 Qe7 21. a4 Nd3 22. Bxd3 cxd3 23. Qxd3 Bxe4 24. Qh3 h5 25. Kg1 Ng4 26. b4 Rac8 27. Qxh5 Qe6 28. f5 Qb6+ 0-1

[Event "GER-ch 2014-C-V8 serv"]
[Site "GER email"]
[Date "2014.07.08"]
[Round "?"]
[White "Janssen, Johann"]
[Black "Langheld, Werner"]
[Result "1-0"]
[WhiteElo "2072"]
[BlackElo "1963"]
[PlyCount "25"]
[EventDate "2014.07.10"]
[EventType "tourn (corr)"]
[EventRounds "6"]
[EventCountry "GER"]
[SourceTitle "Corr 2015"]
[Source "ChessBase"]
[SourceDate "2015.07.17"]
[SourceVersion "1"]
[SourceVersionDate "2015.07.17"]
[SourceQuality "1"]

1. d4 b6 2. e4 Bb7 3. Bd3 Nc6 4. Nf3 Nb4 5. 0-0 e6 6. Re1 Nxd3 7. Qxd3 Ne7 8. Nc3 Ng6 9. Bg5 f6 10. Bd2 Bb4 11. h4 Bxc3 12. Qxc3 Bxe4 13. Rxe4 1-0

[Event "GER-ch 2012-G-F serv"]
[Site "GER email"]
[Date "2014.07.08"]
[Round "?"]
[White "Seelig, Juergen"]
[Black "Janssen, Johann"]
[Result "1/2-1/2"]
[WhiteElo "2152"]
[BlackElo "2046"]
[PlyCount "107"]
[EventDate "2014.07.10"]
[EventType "tourn (corr)"]
[EventRounds "10"]
[EventCountry "GER"]
[SourceTitle "Corr 2020"]
[Source "ChessBase"]
[SourceDate "2019.09.30"]
[SourceVersion "1"]
[SourceVersionDate "2019.09.30"]
[SourceQuality "1"]

1. e4 c5 2. Nf3 d6 3. d4 cxd4 4. Nxd4 Nf6 5. Nc3 a6 6. Be3 e5 7. Nb3 Be6 8. f3 Be7 9. Qd2 0-0 10. 0-0-0 Nbd7 11. g4 b5 12. g5 b4 13. Ne2 Ne8 14. f4 a5 15. f5 a4 16. Nbd4 exd4 17. Nxd4 b3 18. Kb1 bxc2+ 19. Nxc2 Bb3 20. axb3 axb3 21. Na3 Ne5 22. h4 Ra4 23. Rh3 Rxe4 24. Qg2 Qa8 25. f6 Bd8 26. h5 Ra4 27. Qxa8 Rxa8 28. fxg7 Nxg7 29. Nc4 Ng4 30. g6 hxg6 31. hxg6 Nf5 32. gxf7+ Rxf7 33. Bg1 d5 34. Bg2 Nf6 35. Rxd5 Rc8 36. Rxf5 Rxc4 37. Rxb3 Ne4 38. Rd5 Bf6 39. Be3 Rfc7 40. Bf3 Nc3+ 41. bxc3 Rxc3 42. Bd1 Kg7 43. Bf4 Rxb3+ 44. Bxb3 Rc6 45. Rd1 Kg6 46. Bd5 Rc8 47. Ka2 Rc3 48. Rf1 Rc5 49. Be4+ Kf7 50. Kb3 Ke6 51. Bd2 Bd4 52. Bb4 Rc7 53. Bd3 Kd5 54. Re1 1/2-1/2

[Event "GER-ch 2012-G-F serv"]
[Site "GER email"]
[Date "2014.07.08"]
[Round "?"]
[White "Wolf, Wolfgang"]
[Black "Janssen, Johann"]
[Result "1/2-1/2"]
[WhiteElo "2129"]
[BlackElo "2072"]
[PlyCount "52"]
[EventDate "2014.07.10"]
[EventType "tourn (corr)"]
[EventRounds "10"]
[EventCountry "GER"]
[SourceTitle "Corr 2015"]
[Source "ChessBase"]
[SourceDate "2015.07.17"]
[SourceVersion "1"]
[SourceVersionDate "2015.07.17"]
[SourceQuality "1"]

1. e4 c5 2. Nf3 d6 3. d4 cxd4 4. Nxd4 Nf6 5. Nc3 a6 6. Bg5 e6 7. f4 Qb6 8. Qd2 Qxb2 9. Rb1 Qa3 10. f5 Nc6 11. fxe6 fxe6 12. Nxc6 bxc6 13. e5 dxe5 14. Bxf6 gxf6 15. Ne4 Qxa2 16. Rd1 Be7 17. Be2 0-0 18. 0-0 Ra7 19. Rf3 Kh8 20. Rg3 Rd7 21. Qh6 Rxd1+ 22. Bxd1 Rf7 23. Qh5 Qa5 24. Kf1 Qd8 25. Qxf7 Qxd1+ 26. Kf2 Qxc2+ 1/2-1/2

[Event "GER-ch 2014-A-V8 serv"]
[Site "GER email"]
[Date "2014.02.14"]
[Round "?"]
[White "Drosson, Franz"]
[Black "Janssen, Johann"]
[Result "1/2-1/2"]
[WhiteElo "1935"]
[BlackElo "2072"]
[PlyCount "67"]
[EventDate "2014.02.24"]
[EventType "tourn (corr)"]
[EventRounds "6"]
[EventCountry "GER"]
[SourceTitle "Corr 2015"]
[Source "ChessBase"]
[SourceDate "2015.07.17"]
[SourceVersion "1"]
[SourceVersionDate "2015.07.17"]
[SourceQuality "1"]

1. e4 c5 2. Nf3 d6 3. d4 cxd4 4. Nxd4 Nf6 5. Nc3 a6 6. Bg5 e6 7. f4 Qb6 8. Qd2 Qxb2 9. Rb1 Qa3 10. f5 Nc6 11. fxe6 fxe6 12. Nxc6 bxc6 13. e5 dxe5 14. Bxf6 gxf6 15. Ne4 Qxa2 16. Rd1 Be7 17. Bd3 f5 18. 0-0 0-0 19. Qh6 Rf7 20. Rf3 Bd7 21. Bf1 Rd8 22. Rg3+ Kh8 23. Qh5 Be8 24. Ng5 Rxd1 25. Nxf7+ Bxf7 26. Qxd1 Qd5 27. Qxd5 exd5 28. Bxa6 d4 29. Rf3 Be6 30. Rh3 Bf8 31. Bb7 c5 32. Ra3 c4 33. Ra6 Bf7 34. Rf6 1/2-1/2

[Event "GER-ch 2013-E-V9 serv"]
[Site "GER email"]
[Date "2013.11.05"]
[Round "?"]
[White "Nitschke, Norbert"]
[Black "Janssen, Johann"]
[Result "0-1"]
[WhiteElo "1729"]
[BlackElo "2131"]
[PlyCount "128"]
[EventDate "2013.11.15"]
[EventType "tourn (corr)"]
[EventRounds "6"]
[EventCountry "GER"]
[SourceTitle "Corr 2015"]
[Source "ChessBase"]
[SourceDate "2015.07.17"]
[SourceVersion "1"]
[SourceVersionDate "2015.07.17"]
[SourceQuality "1"]

1. e4 c5 2. h3 d6 3. Nf3 Nf6 4. Nc3 a6 5. d4 cxd4 6. Nxd4 g6 7. Bc4 Bg7 8. 0-0 0-0 9. Re1 b5 10. Bb3 Bb7 11. Bg5 Nbd7 12. a3 Nc5 13. Bd5 Nxd5 14. exd5 Re8 15. Qd2 Rc8 16. Re2 Nd7 17. Rae1 Ne5 18. Qc1 Rc7 19. Bh6 Bh8 20. Rd1 Qc8 21. Qa1 Nc4 22. Rd3 e5 23. dxe6 fxe6 24. f3 e5 25. Nb3 e4 26. Qe1 Nxb2 27. Nxe4 Nxd3 28. Nf6+ Kf7 29. Nxe8 Nxe1 30. Nxd6+ Kg8 31. Nxc8 Nxf3+ 32. gxf3 Rxc8 33. Kg2 Bf6 34. Be3 Rc3 35. Nc5 Bd5 36. Rd2 Rxe3 37. Rxd5 Rxa3 38. Ne4 Bh4 39. c3 Ra2+ 40. Kf1 Be7 41. Rd7 Kf8 42. Rb7 a5 43. Rb8+ Kf7 44. Rxb5 a4 45. Ng5+ Ke8 46. Rb8+ Kd7 47. Rb7+ Kd6 48. Ne4+ Ke6 49. Rb6+ Ke5 50. Rb7 Bf8 51. Rf7 a3 52. Rxf8 Rb2 53. Ra8 a2 54. Ra5+ Kf4 55. Nc5 Kg3 56. Nb3 Kxh3 57. c4 Kg3 58. c5 Kxf3 59. Ke1 Ke3 60. Kf1 h5 61. c6 Rxb3 62. Rxa2 Rc3 63. Ra6 g5 64. Kg2 h4 0-1

[Event "GER-ch45 V04 email"]
[Site "GER email"]
[Date "2013.03.27"]
[Round "?"]
[White "Fabig, Holger"]
[Black "Janssen, Johann"]
[Result "1-0"]
[WhiteElo "2012"]
[BlackElo "2123"]
[PlyCount "87"]
[EventDate "2013.04.08"]
[EventType "tourn (corr)"]
[EventRounds "12"]
[EventCountry "GER"]
[SourceTitle "Corr 2015"]
[Source "ChessBase"]
[SourceDate "2015.07.17"]
[SourceVersion "1"]
[SourceVersionDate "2015.07.17"]
[SourceQuality "1"]

1. e4 c5 2. Nc3 a6 3. f4 e6 4. g3 d5 5. Bg2 d4 6. Nce2 Nc6 7. Nf3 Be7 8. 0-0 h5 9. h3 Nf6 10. d3 b5 11. c3 Bb7 12. cxd4 cxd4 13. Bd2 Qb6 14. Be1 0-0 15. Bf2 Rfd8 16. Rc1 Ne8 17. Qd2 a5 18. g4 hxg4 19. hxg4 Bb4 20. Qd1 a4 21. Bh3 Bf8 22. Kg2 b4 23. Rh1 Ra5 24. Qg1 Qa6 25. Rd1 a3 26. b3 Rc5 27. Qh2 g6 28. f5 Bd6 29. Bg3 Rc2 30. Kg1 Bxg3 31. Qxg3 Ne7 32. fxe6 Qxe6 33. Rf1 Rxe2 34. Ng5 Qd6 35. Qh4 Nf6 36. Rf3 Re3 37. Bg2 Nh5 38. Nxf7 Qc5 39. Nxd8 Rxf3 40. Bxf3 Qc1+ 41. Kg2 Qc2+ 42. Qf2 Nf4+ 43. Kg1 Qxf2+ 44. Kxf2 1-0

[Event "GER-ch 2012-D-V6 serv"]
[Site "GER email"]
[Date "2012.07.23"]
[Round "?"]
[White "Nitschke, Norbert"]
[Black "Janssen, Johann"]
[Result "0-1"]
[WhiteElo "1849"]
[BlackElo "2118"]
[PlyCount "88"]
[EventDate "2012.08.13"]
[EventType "tourn (corr)"]
[EventRounds "6"]
[EventCountry "GER"]
[SourceTitle "Corr 2015"]
[Source "ChessBase"]
[SourceDate "2015.07.17"]
[SourceVersion "1"]
[SourceVersionDate "2015.07.17"]
[SourceQuality "1"]

1. Nc3 c5 2. e4 d6 3. Bc4 Nf6 4. Nf3 Nc6 5. d4 cxd4 6. Nxd4 e6 7. 0-0 Be7 8. h3 0-0 9. Be3 a6 10. Bb3 Qc7 11. Re1 Na5 12. Qf3 b5 13. a3 Nxb3 14. Nxb3 Bb7 15. Bg5 Nxe4 16. Bxe7 Nxc3 17. Qxc3 Qxe7 18. Qd3 Rac8 19. Rad1 Rfd8 20. Re3 e5 21. c3 g6 22. Rg3 Ba8 23. Nd2 Rc5 24. Re1 Rdc8 25. Qc2 Kg7 26. Rd1 Rd5 27. Re1 Qe6 28. Nf3 f5 29. Nh4 f4 30. Rd3 e4 31. Rxd5 Qxd5 32. Qd1 Qg5 33. Qg4 Qxg4 34. hxg4 Kf6 35. Kh2 d5 36. Rd1 Rc4 37. Kh3 Bb7 38. f3 e3 39. g3 d4 40. cxd4 g5 41. gxf4 gxh4 42. Re1 Rxd4 43. Rxe3 Rxf4 44. Kxh4 Rxf3 0-1